Eco-Friendly Architecture Harsil Valley (Record no. 4268)

000 -LEADER
fixed length control field 00330nam a2200145Ia 4500
003 - CONTROL NUMBER IDENTIFIER
control field OSt
005 - DATE AND TIME OF LATEST TRANSACTION
control field 20200310123155.0
008 - FIXED-LENGTH DATA ELEMENTS--GENERAL INFORMATION
fixed length control field 200302s9999 xx 000 0 und d
100 ## - MAIN ENTRY--PERSONAL NAME
Personal name Anubhuti II
245 ## - TITLE STATEMENT
Title Eco-Friendly Architecture Harsil Valley
260 ## - PUBLICATION, DISTRIBUTION, ETC. (IMPRINT)
Name of publisher, distributor, etc Swaprakashan
260 ## - PUBLICATION, DISTRIBUTION, ETC. (IMPRINT)
Date of publication, distribution, etc 2014
300 ## - PHYSICAL DESCRIPTION
Extent 189 P.
942 ## - ADDED ENTRY ELEMENTS (KOHA)
Source of classification or shelving scheme
Holdings
Withdrawn status Lost status Damaged status Koha normalized classification for sorting Not for loan Permanent location Current location Date acquired Cost, normal purchase price Total Checkouts Full call number Barcode Date last seen Date last borrowed Price effective from Koha item type Source of classification or shelving scheme
      720_470954510000000   BMS College of Architecture, Design and Planning BMS College of Architecture, Design and Planning 2020-03-03 1500.00 3 720.47095451 CL-UG69259 2024-07-26 2024-07-09 2020-03-03 UG Books from CL  
      720_470950000000000_BRO   BMS College of Architecture, Design and Planning BMS College of Architecture, Design and Planning 2020-03-10   1 720.47095 BRO AR-UG1793 2022-02-28 2021-12-08 2020-03-10 UG Books  
Copyright © 2025, The Librarian, Library and Information Centre, BMSCA D&P, Bengaluru. All Rights Reserved
web counter

Powered by Koha